000 00998nas a2200313 4500
001 BR2013008246
003 BR-BrBNA
005 20231205123044.0
007 ta
008 230509b bl.|||p| |||| 00| 00por d
040 _aBR-BrBNA
_bpor
_cBiblioteca Nacional de Agricultura
041 _a(Pt)
072 _aL70
100 1 _aVulcani, V.A.S.
100 1 _aMacoris, D. da G.
100 1 _aPlepis, A.M. de G.
100 1 _aMartins, V. da C.A.
100 1 _aFranzo, V.A.
100 1 _aRabelo, R.E.
100 1 _aSant'Ana, F.J.F. de
245 1 _aImplantação de biomembrana de colágeno tratada em solução alcalina ou conservada em glicerina a noventa e oito por cento na parece abdominal de equinos
650 _aEQUINO
650 _aCIRURGIA
650 _aCICATRIZAÇÃO
650 _aVETERINÁRIA
773 0 _tCiência Rural (Brazil)
_xISSN 0103-8478
_g(Aug 2013), v. 43(8) p. 1422-1428
_wBR2013008246
909 _a202311
_bLúcia
_c55
_dLúcia Elande
942 _2AGRIS
_n0
_cANA
999 _c231969
_d231969